[Event "4NCL/Div2/PYO vs. WRO"]
[Site "West Bromwich ENG"]
[Date "2004.05.22"]
[Round "10.6"]
[White "Cumbers, Paul"]
[Black "Bennet, William D"]
[Result "1-0"]
[WhiteElo "2108"]
[BlackElo "2064"]
[PlyCount "73"]
[EventDate "2004.05.22"]

1. e4 c5 2. c3 d5 3. exd5 Qxd5 4. d4 Nc6 5. Nf3 cxd4 6. cxd4 e5 7. Nc3 Bb4 8.
Bd2 Bxc3 9. Bxc3 e4 10. Nd2 Nf6 11. Bc4 Qg5 12. d5 Nxd5 13. Nxe4 Nxc3 14. Nxg5
Nxd1 15. Rxd1 O-O 16. O-O h6 17. Ne4 Rb8 18. Nd6 Ne5 19. Bb3 Bg4 20. f3 Bc8 21.
Rfe1 Nc6 22. Nxf7 Kh7 23. Ne5 Nb4 24. Nd7 Bxd7 25. Rxd7 Rfe8 26. Rxe8 Rxe8 27.
Rxb7 Nd3 28. h4 Re1+ 29. Kh2 Ne5 30. h5 Re2 31. Kg3 Nc6 32. Bf7 Ne7 33. Rxa7 g5
34. hxg6+ Kg7 35. b4 Kf6 36. Ra6+ Kg5 37. f4+ 1-0

[Event "4NCL/Div2/PYO vs. WRO"]
[Site "West Bromwich ENG"]
[Date "2004.05.22"]
[Round "10.7"]
[White "Eckersley Waites, Adam"]
[Black "van Kemenade, Rudy"]
[Result "1/2-1/2"]
[WhiteElo "1975"]
[BlackElo "2119"]
[PlyCount "56"]
[EventDate "2004.05.22"]

1. e4 e5 2. Nf3 Nf6 3. Nxe5 d6 4. Nf3 Nxe4 5. d4 d5 6. Bd3 Nc6 7. O-O Bg4 8. c4
Nf6 9. cxd5 Qxd5 10. Re1+ Be7 11. Nc3 Bxf3 12. Nxd5 Bxd1 13. Nxe7 Nxe7 14. Rxd1
O-O-O 15. Be3 Nfd5 16. a3 f5 17. g3 Rdf8 18. Rac1 Kb8 19. Re1 h6 20. Bf4 Nc6
21. Be5 Rh7 22. Rc5 Nxe5 23. Rxe5 c6 24. Rxf5 Rhh8 25. Rxf8+ Rxf8 26. Rc2 Rd8
27. Rd2 Nb6 28. Be4 Nc4 1/2-1/2

[Event "4NCL/Div2/PYO vs. WRO"]
[Site "West Bromwich ENG"]
[Date "2004.05.22"]
[Round "10.8"]
[White "van Kemenade, Julie"]
[Black "Thilaganathan, Jessica"]
[Result "0-1"]
[WhiteElo "1680"]
[BlackElo "1168"]
[PlyCount "68"]
[EventDate "2004.05.22"]

1. e4 e6 2. d4 d5 3. Be3 dxe4 4. f3 exf3 5. Nxf3 Bd6 6. Bd3 Nc6 7. O-O Nf6 8.
Nbd2 b6 9. Ng5 Qe7 10. Qe2 Bb7 11. c3 h6 12. Nge4 Nd5 13. b4 O-O-O 14. a4 f5
15. Nxd6+ Qxd6 16. Nc4 Qd7 17. Bd2 Ndxb4 18. Nb2 Nxd3 19. Qxd3 Qd5 20. Rf2 g6
21. Qg3 g5 22. Re1 Ba6 23. Bc1 Rde8 24. Rd2 f4 25. Qf2 Rhf8 26. Nd3 f3 27. g3
Qf5 28. Ne5 Nxe5 29. Rxe5 Qb1 30. Re1 Qb3 31. d5 exd5 32. Rxe8+ Rxe8 33. Qxf3
Re1+ 34. Kg2 Rxc1 0-1

[Event "4NCL/Div2/KHE vs. WES1"]
[Site "West Bromwich ENG"]
[Date "2004.05.22"]
[Round "10.1"]
[White "McMichael, Richard"]
[Black "Poulton, James"]
[Result "1/2-1/2"]
[WhiteElo "2298"]
[BlackElo "2366"]
[PlyCount "50"]
[EventDate "2004.05.22"]

1. c4 Nf6 2. g3 g6 3. Bg2 Bg7 4. Nc3 O-O 5. e4 e5 6. Nge2 d6 7. O-O c6 8. d3
Nh5 9. Kh1 Na6 10. Be3 Be6 11. Qd2 f5 12. exf5 gxf5 13. f4 Kh8 14. Rae1 Qc7 15.
Rf2 Rae8 16. Ref1 Nf6 17. Bh3 exf4 18. Nxf4 Bc8 19. Nce2 c5 20. Nc3 Nb4 21. a3
Nc2 22. Ncd5 Nxd5 23. Nxd5 Qc6 24. Qxc2 Rxe3 25. Re2 Re5 1/2-1/2

[Event "4NCL/Div2/KHE vs. WES1"]
[Site "West Bromwich ENG"]
[Date "2004.05.22"]
[Round "10.2"]
[White "Webb, Richard M"]
[Black "Thomas, Richard H"]
[Result "1/2-1/2"]
[WhiteElo "2348"]
[BlackElo "2235"]
[PlyCount "51"]
[EventDate "2004.05.22"]

1. e4 g6 2. d4 Bg7 3. Nc3 c6 4. Nf3 d5 5. h3 Nh6 6. Bf4 f6 7. Qd2 Nf7 8. e5 O-O
9. O-O-O fxe5 10. Nxe5 Nxe5 11. Bxe5 Bxe5 12. dxe5 Qe8 13. f4 Qf7 14. g3 Nd7
15. Bg2 Nb6 16. Rhf1 e6 17. g4 Qe7 18. Ne2 Bd7 19. Rf3 c5 20. Qe1 Bc6 21. Qg3
d4 22. Rf2 Bxg2 23. Qxg2 Nd5 24. Qe4 Rad8 25. Rg1 Kh8 26. Rf3 1/2-1/2

[Event "4NCL/Div2/KHE vs. WES1"]
[Site "West Bromwich ENG"]
[Date "2004.05.22"]
[Round "10.3"]
[White "O'Shaughnessy, Conor"]
[Black "Simons, Martin J"]
[Result "0-1"]
[WhiteElo "2202"]
[BlackElo "2285"]
[PlyCount "46"]
[EventDate "2004.05.22"]

1. e4 Nc6 2. Nf3 d5 3. exd5 Qxd5 4. Nc3 Qa5 5. Bb5 Bd7 6. O-O a6 7. Bc4 Nf6 8.
d4 Bg4 9. h3 Bh5 10. d5 O-O-O 11. a3 e6 12. Bd2 Bxf3 13. gxf3 exd5 14. b4 Qb6
15. Na4 Qd4 16. Bd3 Bd6 17. f4 Ne4 18. Be3 Qf6 19. b5 axb5 20. Bxb5 Ne7 21. Rb1
d4 22. Qxd4 Qxd4 23. Bxd4 Nd2 0-1

[Event "4NCL/Div2/KHE vs. WES1"]
[Site "West Bromwich ENG"]
[Date "2004.05.22"]
[Round "10.4"]
[White "Allicock, Rawle A"]
[Black "Guthrie, David"]
[Result "1/2-1/2"]
[WhiteElo "2279"]
[BlackElo "2171"]
[PlyCount "58"]
[EventDate "2004.05.22"]

1. d4 d5 2. c4 e6 3. Nc3 Be7 4. Bf4 Nf6 5. e3 O-O 6. Nf3 c5 7. dxc5 Bxc5 8.
cxd5 Nxd5 9. Nxd5 exd5 10. a3 Nc6 11. Bd3 h6 12. O-O Bg4 13. h3 Bh5 14. Be2 Bb6
15. Rc1 Re8 16. Qa4 Qf6 17. Qb5 Rad8 18. Rfd1 Bg6 19. Bg3 Be4 20. Nd2 Bf5 21.
Bf3 Ne5 22. Bxd5 Nd3 23. Rb1 a6 24. Qc4 Ne5 25. Bxe5 Rxe5 26. e4 Bxf2+ 27. Kh1
Rexd5 28. exd5 Bxb1 29. Rxb1 Qd4 1/2-1/2

[Event "4NCL/Div2/KHE vs. WES1"]
[Site "West Bromwich ENG"]
[Date "2004.05.22"]
[Round "10.5"]
[White "Lewis, Alex"]
[Black "Corkett, Anthony R"]
[Result "0-1"]
[WhiteElo "2159"]
[BlackElo "2314"]
[PlyCount "136"]
[EventDate "2004.05.22"]

1. e4 c5 2. Nf3 Nc6 3. Bb5 g6 4. Bxc6 bxc6 5. O-O Bg7 6. Nc3 e5 7. d3 Qe7 8.
Be3 Nh6 9. h3 f6 10. Na4 d6 11. Qd2 Nf7 12. Qa5 O-O 13. Rab1 Rb8 14. c4 f5 15.
b4 cxb4 16. Rxb4 Rxb4 17. Qxb4 f4 18. Bc1 Be6 19. Ba3 c5 20. Qb5 Ng5 21. Nxg5
Qxg5 22. f3 Bxh3 23. Rf2 Be6 24. Nc3 Qd8 25. Qa6 Qb6 26. Qxb6 axb6 27. Bc1 Bf6
28. Rb2 Rb8 29. a4 Kf8 30. a5 Bd8 31. Na4 b5 32. Nc3 b4 33. Nb5 Bxa5 34. Nxd6
Rd8 35. Nb7 Rxd3 36. Bxf4 exf4 37. Nxa5 Rc3 38. Nb7 Rxc4 39. Nxc5 Rxc5 40. Rxb4
h5 41. Rb7 Bf7 42. Kf2 Kg7 43. Rb2 h4 44. Rb4 g5 45. Rb6 Bc4 46. Rb7+ Kf6 47.
Rb6+ Be6 48. Ra6 Ke5 49. Rb6 h3 50. gxh3 Bxh3 51. Rg6 Kd4 52. Rd6+ Kc4 53. Rg6
Bc8 54. Rf6 Bd7 55. Rf7 Ba4 56. Rf6 Bc2 57. Rf8 Bd3 58. Rf7 Kc3 59. Rf8 Ra5 60.
Rc8+ Kd2 61. Rg8 Ra1 62. Rxg5 Rf1+ 63. Kg2 Ke3 64. e5 Rf2+ 65. Kh1 Kxf3 66. Rh5
Bc4 67. Rh3+ Kg4 68. Rc3 Be6 0-1

[Event "4NCL/Div2/KHE vs. WES1"]
[Site "West Bromwich ENG"]
[Date "2004.05.22"]
[Round "10.6"]
[White "Upton, Ian J"]
[Black "Okike, David C"]
[Result "1-0"]
[WhiteElo "2224"]
[BlackElo "2172"]
[PlyCount "99"]
[EventDate "2004.05.22"]

1. Nf3 Nf6 2. c4 g6 3. Nc3 d6 4. d4 Bg7 5. e4 O-O 6. Be2 Bg4 7. Be3 Bxf3 8.
Bxf3 c6 9. h4 e5 10. d5 Qc7 11. h5 Nbd7 12. g4 cxd5 13. cxd5 Nb6 14. g5 Nfd7
15. hxg6 hxg6 16. Qe2 Nc4 17. Bc1 a6 18. b3 Na5 19. Bd2 b5 20. Bg4 Rfe8 21. Rc1
Qd8 22. Qe3 Nf8 23. Ke2 Re7 24. Nd1 Nb7 25. Nb2 a5 26. Nd3 Nd7 27. Kf3 Ndc5 28.
Ne1 b4 29. Kg2 Qb6 30. Nc2 Qb5 31. Be2 Qd7 32. Qf3 Ree8 33. Ne3 Rec8 34. Ng4
Kf8 35. Rh7 Nxe4 36. Qxe4 Rxc1 37. Bxc1 Rc8 38. Be3 Nc5 39. Bxc5 dxc5 40. f3
Qe7 41. Qe3 a4 42. Nf2 axb3 43. axb3 Rd8 44. Bc4 Ra8 45. Ne4 Ra2+ 46. Kg3 Kg8
47. Rh2 Ra5 48. d6 Qd7 49. Nf6+ Bxf6 50. gxf6 1-0

[Event "4NCL/Div2/KHE vs. WES1"]
[Site "West Bromwich ENG"]
[Date "2004.05.22"]
[Round "10.7"]
[White "Mackenzie, Colin"]
[Black "Yeo, Michael J"]
[Result "1/2-1/2"]
[WhiteElo "2147"]
[BlackElo "2244"]
[PlyCount "113"]
[EventDate "2004.05.22"]

1. Nf3 Nc6 2. g3 e5 3. d3 g6 4. c4 Bg7 5. Bg2 d6 6. Nc3 f5 7. O-O Nf6 8. Rb1
O-O 9. b4 h6 10. b5 Ne7 11. a4 Be6 12. Ba3 Rc8 13. e3 g5 14. Nd2 b6 15. d4 Nd7
16. Qe2 Ng6 17. Nd5 Re8 18. dxe5 Ndxe5 19. f4 gxf4 20. exf4 Ng4 21. Qd3 Ne7 22.
Rfe1 Nxd5 23. cxd5 Bd7 24. Nb3 h5 25. h3 Nh6 26. Nd4 Qf6 27. Ne6 Bxe6 28. Bb2
Qg6 29. Rxe6 Rxe6 30. dxe6 Re8 31. Bc6 Re7 32. Bd7 h4 33. g4 Nxg4 34. hxg4
Qxg4+ 35. Kh1 Qxf4 36. Rg1 Kf8 37. Bxg7+ Rxg7 38. Rxg7 Kxg7 39. e7 Qc1+ 40. Kh2
Qf4+ 41. Kh1 Qc1+ 42. Kg2 Qg5+ 43. Kf2 Qxe7 44. Qxf5 Qf6 45. Kf3 Qxf5+ 46. Bxf5
Kf6 47. Kf4 Ke7 48. Ke4 Kf6 49. Bh3 Kg5 50. Bc8 Kf6 51. Bh3 Kg5 52. Be6 Kf6 53.
Kd5 Ke7 54. Bh3 Kf6 55. Kc6 Ke5 56. Bg2 Ke6 57. Bf3 1/2-1/2

[Event "4NCL/Div2/KHE vs. WES1"]
[Site "West Bromwich ENG"]
[Date "2004.05.22"]
[Round "10.8"]
[White "Norman, Dinah"]
[Black "Connolly, Suzanne"]
[Result "1/2-1/2"]
[WhiteElo "2022"]
[BlackElo "2072"]
[PlyCount "71"]
[EventDate "2004.05.22"]

1. d4 d5 2. Nf3 Nf6 3. e3 c6 4. c4 e6 5. Nbd2 Nbd7 6. Bd3 Bd6 7. O-O O-O 8. Re1
e5 9. dxe5 Nxe5 10. Nxe5 Bxe5 11. Nf3 Bc7 12. cxd5 Qxd5 13. e4 Qh5 14. e5 Ng4
15. Bf4 f6 16. Qb3+ Kh8 17. Qc3 fxe5 18. Bxe5 Bxe5 19. Rxe5 Nxe5 20. Nxe5 Be6
21. Re1 Rae8 22. a3 Qh4 23. g3 Qf6 24. f4 Rd8 25. h4 Bd5 26. Bc2 Be6 27. Qe3
Bf5 28. Bb3 b6 29. Qc3 c5 30. Qc4 Bg6 31. Qc3 Rd4 32. Qe3 Rfd8 33. Ba2 Rf8 34.
Bb3 Rfd8 35. Ba2 Rf8 36. Bb3 1/2-1/2

[Event "4NCL/Div2/MIN1 vs. SWD1"]
[Site "West Bromwich ENG"]
[Date "2004.05.22"]
[Round "10.1"]
[White "Bellin, Robert"]
[Black "Cobb, James E"]
[Result "1/2-1/2"]
[WhiteElo "2385"]
[BlackElo "2325"]
[PlyCount "45"]
[EventDate "2004.05.22"]

1. Nf3 Nf6 2. d4 e6 3. Bf4 c5 4. e3 b6 5. Bd3 Bb7 6. Nbd2 Be7 7. h3 O-O 8. c3
cxd4 9. exd4 d6 10. O-O Nbd7 11. Re1 Qc7 12. a4 Rfe8 13. Bh2 Nf8 14. Bb5 Bc6
15. Qe2 Ng6 16. c4 a5 17. Rac1 Qb7 18. b3 Bf8 19. Bxc6 Qxc6 20. Ne4 Nxe4 21.
Qxe4 Qxe4 22. Rxe4 Be7 23. Re2 1/2-1/2

[Event "4NCL/Div2/MIN1 vs. SWD1"]
[Site "West Bromwich ENG"]
[Date "2004.05.22"]
[Round "10.2"]
[White "Cooper, John G"]
[Black "Lalic, Susan K"]
[Result "1/2-1/2"]
[WhiteElo "2310"]
[BlackElo "2372"]
[PlyCount "40"]
[EventDate "2004.05.22"]

1. d4 e6 2. c4 d5 3. Nf3 c5 4. cxd5 exd5 5. g3 Nc6 6. Bg2 Nf6 7. O-O Be7 8. Nc3
O-O 9. Bg5 cxd4 10. Nxd4 h6 11. Be3 Re8 12. Rc1 Bf8 13. a3 Bg4 14. h3 Bd7 15.
Kh2 Re5 16. Nxc6 bxc6 17. Bd4 Re8 18. Qd3 Bd6 19. Rfe1 Nh7 20. f4 Rb8 1/2-1/2

[Event "4NCL/Div2/MIN1 vs. SWD1"]
[Site "West Bromwich ENG"]
[Date "2004.05.22"]
[Round "10.3"]
[White "McFarland, Robert S"]
[Black "Dineley, Richard D P"]
[Result "1/2-1/2"]
[WhiteElo "2268"]
[BlackElo "2269"]
[PlyCount "39"]
[EventDate "2004.05.22"]

1. Nf3 c5 2. c4 Nf6 3. Nc3 Nc6 4. g3 g6 5. Bg2 Bg7 6. O-O d5 7. d4 O-O 8. cxd5
Nxd5 9. Nxd5 Qxd5 10. Be3 cxd4 11. Nxd4 Qh5 12. Nxc6 bxc6 13. Rc1 Qa5 14. Bxc6
Rb8 15. Bc5 Bh3 16. b4 Qxa2 17. Bg2 Bxg2 18. Kxg2 Rfd8 19. Rc2 Qa4 20. Rd2
1/2-1/2

[Event "4NCL/Div2/MIN1 vs. SWD1"]
[Site "West Bromwich ENG"]
[Date "2004.05.22"]
[Round "10.4"]
[White "James, David J"]
[Black "Radovanovic, Jovica"]
[Result "1/2-1/2"]
[WhiteElo "2258"]
[BlackElo "2189"]
[PlyCount "59"]
[EventDate "2004.05.22"]

1. Nf3 Nf6 2. c4 g6 3. Nc3 Bg7 4. d4 O-O 5. Bg5 d6 6. e3 c6 7. Be2 Nbd7 8. O-O
h6 9. Bh4 g5 10. Bg3 Nh5 11. e4 c5 12. d5 a6 13. a4 Ndf6 14. Ne1 Nxg3 15. hxg3
e6 16. Nc2 exd5 17. cxd5 Re8 18. Bd3 Ng4 19. Qd2 b6 20. Ne3 Nxe3 21. Qxe3 Ra7
22. Qd2 Qf6 23. Rac1 Bd7 24. Qe2 Rea8 25. b3 Qd4 26. Bc4 Bc8 27. Rfe1 Re7 28.
Qf1 Raa7 29. Red1 Qf6 30. Bd3 1/2-1/2

[Event "4NCL/Div2/MIN1 vs. SWD1"]
[Site "West Bromwich ENG"]
[Date "2004.05.22"]
[Round "10.5"]
[White "Almond, Richard"]
[Black "Zeidler, Sven P"]
[Result "1/2-1/2"]
[WhiteElo "2164"]
[BlackElo "2233"]
[PlyCount "65"]
[EventDate "2004.05.22"]

1. d4 f5 2. g3 Nf6 3. Bg2 g6 4. Nf3 Bg7 5. O-O O-O 6. c4 d6 7. Nc3 c6 8. Re1
Nh5 9. e4 f4 10. Qd3 e5 11. Rd1 Qf6 12. dxe5 dxe5 13. Qd6 Bg4 14. Qxf6 Bxf6 15.
h3 Bxf3 16. Bxf3 fxg3 17. fxg3 Nxg3 18. Kg2 Nh5 19. Bxh5 gxh5 20. Bh6 Bg7 21.
Be3 Na6 22. Rd7 Rf7 23. Rad1 Rxd7 24. Rxd7 b6 25. a3 Bf6 26. Rd6 Kf7 27. Rxc6
Rg8+ 28. Kh2 Bh4 29. Nd5 Rg6 30. Rc8 Rg8 31. Rc6 Rg6 32. Rc8 Rg8 33. Rc6
1/2-1/2

[Event "4NCL/Div2/MIN1 vs. SWD1"]
[Site "West Bromwich ENG"]
[Date "2004.05.22"]
[Round "10.6"]
[White "Trevelyan, John"]
[Black "Stirling, William J"]
[Result "1/2-1/2"]
[WhiteElo "2145"]
[BlackElo "2141"]
[PlyCount "108"]
[EventDate "2004.05.22"]

1. d4 Nf6 2. c4 g6 3. Nc3 Bg7 4. e4 d6 5. Be2 O-O 6. Nf3 e5 7. dxe5 dxe5 8.
Qxd8 Rxd8 9. Bg5 Re8 10. Nd5 Nxd5 11. cxd5 c6 12. Bc4 cxd5 13. Bxd5 Nd7 14. Nd2
Nb6 15. Bb3 Be6 16. Bxe6 Rxe6 17. Rc1 Bf8 18. Ke2 Na4 19. b3 Nc5 20. Be3 b6 21.
Rhd1 Ree8 22. Bxc5 Bxc5 23. Nb1 Red8 24. Nc3 Ba3 25. Rxd8+ Rxd8 26. Rd1 Rxd1
27. Kxd1 Bc5 28. f3 f5 29. Nb5 a5 30. Ke2 Kf7 31. Kd3 Ke6 32. Kc4 h5 33. Nc7+
Kd7 34. Nd5 Kc6 35. a4 fxe4 36. fxe4 Bf8 37. g3 Bc5 38. h3 Bf8 39. g4 hxg4 40.
hxg4 Bc5 41. Nc3 Bd4 42. Ne2 Be3 43. b4 axb4 44. Kxb4 Bd2+ 45. Kc4 Be3 46. Nc3
Bd4 47. Nd5 Bc5 48. Nb4+ Bxb4 49. Kxb4 g5 50. Kc4 Kd6 51. Kb5 Kc7 52. Ka6 Kc6
53. Ka7 Kc7 54. Ka8 Kc8 1/2-1/2

[Event "4NCL/Div2/MIN1 vs. SWD1"]
[Site "West Bromwich ENG"]
[Date "2004.05.22"]
[Round "10.7"]
[White "Muter, Donny"]
[Black "Saunders, John C"]
[Result "1/2-1/2"]
[WhiteElo "2136"]
[BlackElo "2195"]
[PlyCount "41"]
[EventDate "2004.05.22"]

1. d4 Nf6 2. Nf3 g6 3. c4 Bg7 4. Nc3 d6 5. e4 O-O 6. Bg5 h6 7. Bh4 c5 8. d5
Nbd7 9. Be2 g5 10. Bg3 Nh5 11. O-O Nxg3 12. hxg3 Ne5 13. Ne1 f5 14. exf5 Bxf5
15. Nc2 Qb6 16. Na4 Qa5 17. Ne3 Bg6 18. Nc3 a6 19. a4 Rab8 20. Qd2 Qc7 21. Ng4
1/2-1/2

[Event "4NCL/Div2/MIN1 vs. SWD1"]
[Site "West Bromwich ENG"]
[Date "2004.05.22"]
[Round "10.8"]
[White "Cast, Abigail"]
[Black "Kelly, Paul J"]
[Result "0-1"]
[WhiteElo "2094"]
[BlackElo "1744"]
[PlyCount "82"]
[EventDate "2004.05.22"]

1. d4 d6 2. c4 g6 3. Nc3 Bg7 4. Nf3 Nc6 5. e3 e5 6. Be2 f5 7. a3 e4 8. Ng1 Nf6
9. h4 Ne7 10. Qc2 Bd7 11. Bd2 c6 12. Nh3 Rc8 13. Qb3 Qc7 14. Nf4 O-O 15. Rc1
Qb8 16. d5 c5 17. g3 b6 18. a4 a5 19. Ne6 Bxe6 20. dxe6 Nc6 21. Nd5 Nxd5 22.
cxd5 Nb4 23. O-O Qb7 24. Bc4 Bf6 25. Bc3 Qe7 26. Bxf6 Rxf6 27. Qd1 g5 28. hxg5
Rg6 29. Qh5 Rf8 30. Kg2 Qg7 31. Rh1 Rxg5 32. Qh6 Rg6 33. Qf4 Qxb2 34. Qxd6 Nc2
35. Qf4 Rg4 36. Rxc2 Qxc2 37. Qh6 Rg7 38. e7 Re8 39. Qe6+ Kh8 40. d6 f4 41. d7
Rxg3+ 0-1